000 00824nam a2200229Ii 4500
003 JO-AjNU
008 230605s9999||||xx |||||||||||||| ||und||
017 _a2003/10/2134
020 _a9957-419-03-X
040 _aJO-AjNU
_bara
_erda
_cJO-AjNU
041 _aara
050 1 4 _aJQ1850.A5 H3724 2003
100 3 _aالحسن بن طلال,
_eauthor
_945302
245 0 0 _aسين وجيم : قضايا معاصرة
250 _aط1
264 3 1 _aعمان،الأردن : مجلس الحسن، الديوان الملكي الهاشمي، 2003
300 _a87ص
336 _atext
_btxt
_2rdacontent
337 _aunmediated
_bn
_2rdamedia
338 _avolume
_bnc
_2rdacarrier
650 4 _aالوحدة العربية -- القومية العربية -- البلاد العربية -- سياسة وحكومة
_945303
999 _aA19627
_c23195
_d23195